000 00700nam a2200289Ia 4500
005 20260324132934.0
008 008 260324s9999 xx 000 0 eng d
020 _a9780429064838
037 _aEBOOK
040 _aCRL
040 _beng
040 _cCRL
041 _2eng
041 _aeng
084 _qCRL
100 _aVincent Van Oostrom; Albert Visser; Jan Van Eijck
_91191185
245 0 _aLogic Colloquium '99
245 0 _bLecture Notes in Logic 17
260 _bTaylor and Francis
260 _c2004
365 _a
365 _b165
856 _uhttp://www.taylorfrancis.com/books/9780429064838
942 _cEBOOK
999 _c1789761
_d1789761